| Tag |
First Indicator |
Second Indicator |
Subfields |
| LEADER |
00000cam a2200000Mi 4500 |
| 001 |
in00004745607 |
| 008 |
180725s2015 tu abe b 000 0 tur d |
| 005 |
20231001135457.0 |
| 020 |
|
|
|a 9789944100984
|q (paperback)
|
| 020 |
|
|
|a 9944100986
|q (paperback)
|
| 035 |
|
|
|a (OCoLC)on1045810452
|
| 035 |
|
|
|a (OCoLC)1045810452
|
| 040 |
|
|
|a T9K
|b eng
|e rda
|c T9K
|d OCLCQ
|d TXA
|
| 041 |
1 |
|
|a tur
|a eng
|
| 043 |
|
|
|a a-tu---
|
| 050 |
|
4 |
|a NA109.T9
|b K34 2015
|
| 111 |
2 |
|
|a Kârgir Yapılarda Koruma ve Onarım Semineri
|n (7th :
|d 2015 :
|c Istanbul, Turkey),
|j author.
|
| 245 |
1 |
0 |
|a Kârgir Yapılarda Koruma ve Onarım Semineri VII :
|b 01-02 araliık 2015, bildiri kitabı /
|c editör, Filiz Atay, Nevriye Özcan.
|
| 264 |
|
1 |
|a İstanbul :
|b İstanbul Büyükşehir Belediyesi, Kültür Varlıkları Daire Başkanlığı, Koruma Uygulama ve Denetim Müdürlüğü,
|c 2015.
|
| 300 |
|
|
|a 276 pages :
|b color illustrations, plans, maps ;
|c 24 cm
|
| 336 |
|
|
|a text
|b txt
|2 rdacontent
|
| 337 |
|
|
|a unmediated
|b n
|2 rdamedia
|
| 338 |
|
|
|a volume
|b nc
|2 rdacarrier
|
| 504 |
|
|
|a Includes bibliographical references.
|
| 546 |
|
|
|a In Turkish; abstracts in English.
|
| 650 |
|
0 |
|a Stone buildings
|x Conservation and restoration
|z Turkey
|v Congresses.
|
| 650 |
|
0 |
|a Historic buildings
|x Conservation and restoration
|z Turkey
|v Congresses.
|
| 650 |
|
0 |
|a Architecture
|x Conservation and restoration
|z Turkey
|v Congresses.
|
| 650 |
|
4 |
|a Architecture
|x Conservation and restoration
|v Congresses.
|
| 650 |
|
4 |
|a Masonry structures
|x Repair.
|
| 650 |
|
4 |
|a Masonry structures
|x Protection.
|
| 650 |
|
4 |
|a Stone buildings
|x Conservation.
|
| 650 |
|
4 |
|a Stone buildings
|x Restorations.
|
| 655 |
|
7 |
|a Conference papers and proceedings.
|2 lcgft
|
| 700 |
1 |
|
|a Atay, Filiz,
|e editor.
|
| 700 |
1 |
|
|a Özcan, Nevriye,
|e editor.
|
| 710 |
2 |
|
|a İstanbul Büyükşehir Belediyesi.
|b Koruma Uygulama ve Denetim Müdürlüğü.
|
| 948 |
|
|
|h HELD BY TXA - 1 OTHER HOLDINGS
|
| 994 |
|
|
|a Z0
|b TXA
|
| 999 |
f |
f |
|s 61102127-ded8-4491-95cf-9b9490c1198e
|i 9ed46a76-4fdc-414b-9f39-72249e7f577d
|t 0
|
| 952 |
f |
f |
|p noncirc
|a Texas A&M University
|b College Station
|c Sterling C. Evans Library
|d Bodrum (located in Turkey)
|t 0
|e NA109.T9 K34 2015
|h Library of Congress classification
|i unmediated -- volume
|
| 998 |
f |
f |
|a NA109.T9 K34 2015
|t 0
|l Bodrum (located in Turkey)
|